000 00474nam a2200181Ia 4500
001 23018
005 20260414150909.0
008 260414t2009||||xx |||||||||||||| ||spa||
041 _aESP
082 _a624.1762
_bS38
100 _aSemblat, J. F.
_eAUT
245 0 _aWaves and vibrations in soils :
_bearthquakes, traffic, shocks, construction works
260 _c2009
300 _a499 páginas :
_c25 cm.
650 _a0
654 _aCIC
942 _cLIB
_dJUS
_fJUS
_2ddc
_n
999 _c23018
_d23018